| 000 | 00852nam a22002537a 4500 | ||
|---|---|---|---|
| 001 | 002 | ||
| 003 | DO-SdBNP | ||
| 005 | 20180327114209.0 | ||
| 008 | 150528b xxu||||| |||| 00| 0 spa d | ||
| 020 | _a9789945460513 | ||
| 040 |
_aBPMET _bspa _cBPMET |
||
| 100 | _4Collins de Colado, Mary | ||
| 245 |
_aEl pájaro de lindos colores / _cMary Collins de Colado ; ilustraciones Ramiro Manzano y Virginia Read Escobal. |
||
| 260 |
_aSanto Domingo : _bSantuario, _c2010 |
||
| 300 |
_a65 p. ; _bil.: _c23 cm. |
||
| 490 | _aSantuario infantil | ||
| 500 | _aIncluye datos biográficos del autor en la solapa de la cubierta | ||
| 700 |
_aManzano, Ramiro, _eil. |
||
| 700 |
_aRead Escobal, Virginia, _eil. |
||
| 830 | _pSantuario infantil | ||
| 942 |
_2ddc _cBK |
||
| 945 | _aRemanejado para BNPHU / 2018 VM | ||
| 956 |
_aVMATEO _b10 _c20150528 _h7894 _lBPMSU |
||
| 999 |
_c7894 _d7894 |
||